| 000 | 00632nam a2200181Ia 4500 | ||
|---|---|---|---|
| 999 |
_c341 _d341 |
||
| 020 | _a9781853396823 | ||
| 050 | _aS542.3 | ||
| 100 | _aScoones, Ian (Ed) | ||
| 245 | 0 | 0 |
_aFarmer first revisited : _binnovation for agricultural research and development / _cedited by Ian Scoones and John Thompson ; with a foreword by Robert Chambers. |
| 260 |
_aRugby : _bPractical Action Publishing, _c2009. |
||
| 300 |
_axxv, 355 p. ; _c24 cm. |
||
| 500 | _aINCLUDES BIBLIOGRAPHIC REFERENCE AND INDEX | ||
| 650 | 0 |
_aAgriculture _xResearch |
|
| 650 | 0 | _aAgricultural innovations | |
| 700 | 1 | _aScoones, Ian. | |
| 700 | 1 | _aThompson, John. | |
| 942 | _cBK | ||